000 00501nam a2200217Ia 4500
008 210210b1957 xxu||||| |||| 00| 0 eng d
041 _aeng
082 _a330/126
100 _aDOMAR (E D)
245 _aEssays in the theory of economic growth
260 _aNew York
_bOxford University Press
_c1957
650 _atheory
650 _athe
650 _aof
650 _ain
650 _agrowth
650 _aEssays
650 _aeconomic
690 _aEconomic Theory
906 _a003529
999 _c119257
_d119257